000 00404nam a2200169Ia 4500
003 LK-CoDNM
008 010623t xxu||||| |||| 00| 1 sin d
040 _aLK-CoDNM
_dLK-CoDNM
_eLK-CoDNM
041 _asin
080 _a947KUM
100 _aKumarasiri,Premalal
245 _aරුසියාව
246 _aRuseyawa
260 _bMahajana Prakasana
_aColombo
300 _b60p, 18 cm
942 _cBK
999 _c140708
_d140708